Trouve la ville dans le Monde #1 - Statistiques

Statistiques générales
  • Ce quiz a été pris 192 fois
  • Le résultat moyen est 10 sur 16
Statistiques - réponses
Par images Réponse % Correct
Paris
100%
Londres
96%
Rio
93%
New York
92%
Barcelone
86%
Amsterdam
81%
Pekin
81%
Tokyo
79%
Las Vegas
73%
Singapour
62%
Budapest
41%
New Delhi
40%
Toronto
39%
Marrakech
35%
Abu Dhabi
27%
Accra
1%
Aucun quiz correspondant
Distribution des résultats
% des personnes avec chaque résultat
Percentile par nombre de réponses
Votre historique - résultats
Vous n’avez pas pris ce quiz